000 00768nam a2200253Ia 4500
003 OSt
005 20220925223726.0
006 a|||||r|||| 00| 0
007 ta
008 220923b |||||||| |||| 00| 0 eng d
020 _a9781848211926
_c6093.8400000000001
037 _bBBS/24, 29/09/2011, Better Book Service
_cGeneral Book
040 _aRTL
_cRTL
_beng
041 _2eng
_aeng
082 _aU, Q1
100 _aBrunet Roger
_9290241
245 0 _aSustainable geography
260 _aLondon
_bRoutledge
_c2011
300 _axxxvi, 393p
_ccm.
490 _aGeographical Information Systems Series
650 _aGeography
942 _hU, Q1
_cGB
_2CC
999 _c580271
_d580271